Industrial and Labour Laws (Record no. 11002)

MARC details
000 -LEADER
fixed length control field 00393nam a22001697a 4500
003 - CONTROL NUMBER IDENTIFIER
control field OSt
008 - FIXED-LENGTH DATA ELEMENTS--GENERAL INFORMATION
fixed length control field 210814b ||||| |||| 00| 0 eng d
020 ## - INTERNATIONAL STANDARD BOOK NUMBER
International Standard Book Number 9789374734650
082 ## - DEWEY DECIMAL CLASSIFICATION NUMBER
Classification number 344.01
Item number SAI
100 G# - MAIN ENTRY--PERSONAL NAME
Personal name SASANE, Anil P.
245 ## - TITLE STATEMENT
Title Industrial and Labour Laws
250 ## - EDITION STATEMENT
Edition statement Ed
260 ## - PUBLICATION, DISTRIBUTION, ETC. (IMPRINT)
Place of publication, distribution, etc Delhi
Name of publisher, distributor, etc AITBS Pub. India
Date of publication, distribution, etc 2011
300 ## - PHYSICAL DESCRIPTION
Extent 470
650 ## - SUBJECT ADDED ENTRY--TOPICAL TERM
Topical term or geographic name as entry element Management
942 ## - ADDED ENTRY ELEMENTS (KOHA)
Source of classification or shelving scheme Dewey Decimal Classification
Koha item type Text Books
Holdings
Withdrawn status Lost status Source of classification or shelving scheme Damaged status Not for loan Collection code Home library Current library Date acquired Source of acquisition Currency Cost, normal purchase price Bill Number Total Checkouts Full call number Acc. no. / Barcode Date last seen Actual Cost, discounted price Bill Date Koha item type
    Dewey Decimal Classification     BBA PIET C-LIBRARY PIET C-LIBRARY 18/09/2021 Kirti Prakashan IN Rupees 295.00 IN2524   344.01 SAI 33277 01/10/2021 197.65 18/09/2021 Text Books
    Dewey Decimal Classification     BBA PIET C-LIBRARY PIET C-LIBRARY 18/09/2021 Kirti Prakashan IN Rupees 295.00 IN2524   344.01 SAI 33278 01/10/2021 197.65 18/09/2021 Text Books
    Dewey Decimal Classification     BBA PIET C-LIBRARY PIET C-LIBRARY 18/09/2021 Kirti Prakashan IN Rupees 295.00 IN2524   344.01 SAI 33279 01/10/2021 197.65 18/09/2021 Text Books
    Dewey Decimal Classification     BBA PIET C-LIBRARY PIET C-LIBRARY 18/09/2021 Kirti Prakashan IN Rupees 295.00 IN2524   344.01 SAI 33280 01/10/2021 197.65 18/09/2021 Text Books
    Dewey Decimal Classification     BBA PIET C-LIBRARY PIET C-LIBRARY 18/09/2021 Kirti Prakashan IN Rupees 295.00 IN2524   344.01 SAI 33281 01/10/2021 197.65 18/09/2021 Text Books

Design & Developed by: PIET Central Library
R70 Miles Stone Pattikalyana Samalkha Panipat 132102
mail ID :- [email protected], Phone No:- 0180-2569700 Ex.216